Contracts for paralegals : legal principles and practical applications

The applied, practical approach of Contracts: Legal Principles & Practical Applications for Paralegals will engage your students in the learning process with a clear, accessible writing style. Stimulate your discussions with fun, motivating and current exercises. This text introduces the key con...

Celý popis

Uloženo v:
Podrobná bibliografie
Hlavní autor: Spagnola, Linda A.
Médium: Kniha
Jazyk:Undetermined
Vydáno: Boston, MA McGraw-Hill/Irwin 2008
Témata:
Tagy: Přidat tag
Žádné tagy, Buďte první, kdo otaguje tento záznam!
Thư viện lưu trữ: Trung tâm Học liệu Trường Đại học Cần Thơ
LEADER 01136nam a2200217Ia 4500
001 CTU_166201
008 210402s9999 xx 000 0 und d
020 |c 49.69 
082 |a 346.7302 
082 |b S732 
100 |a Spagnola, Linda A. 
245 0 |a Contracts for paralegals : 
245 0 |b legal principles and practical applications 
245 0 |c Linda A. Spagnola 
260 |a Boston, MA 
260 |b McGraw-Hill/Irwin 
260 |c 2008 
520 |a The applied, practical approach of Contracts: Legal Principles & Practical Applications for Paralegals will engage your students in the learning process with a clear, accessible writing style. Stimulate your discussions with fun, motivating and current exercises. This text introduces the key concepts in the legal field of Contracts in a fresh light, while presenting the topics in a straightforward and comprehensive manner 
650 |a Contracts,Legal assistants,Hợp đồng dân sự,Trợ lý pháp luật 
650 |z United States,United States, Hoa Kỳ,Tải liệu hỗ trợ 
980 |a Trung tâm Học liệu Trường Đại học Cần Thơ